[Event "Valeria del Mar op"]
[Site "Valeria del Mar"]
[Date "2019.09.07"]
[Round "3.1"]
[White "Diaz, Gerardo"]
[Black "Hobaica, Juan Pablo"]
[Result "0-1"]
[WhiteElo "1936"]
[BlackElo "2395"]
[PlyCount "34"]
[EventDate "2019.09.06"]
[EventType "swiss"]
[EventRounds "6"]
[EventCountry "ARG"]
[SourceTitle "EXT 2024"]
[Source "ChessBase"]
[SourceDate "2023.10.10"]
[SourceVersion "1"]
[SourceVersionDate "2023.10.10"]
[SourceQuality "1"]

1. Nf3 d6 2. d4 g6 3. Bg5 Bg7 4. e3 Nf6 5. Nbd2 0-0 6. Bd3 Nbd7 7. c3 e5 8. h4 Qe8 9. Qc2 h5 10. 0-0-0 Ng4 11. Rh3 d5 12. Nxe5 Ndxe5 13. dxe5 Nxe5 14. e4 Nxd3+ 15. Qxd3 Qa4 16. exd5 Bf5 17. b3 Qa3+ 0-1

[Event "Mar de Ajo op 4th"]
[Site "Mar de Ajo"]
[Date "2017.11.04"]
[Round "2"]
[White "Daneri, Martin"]
[Black "Hobaica, Juan Pablo"]
[Result "1-0"]
[WhiteElo "2090"]
[BlackElo "2398"]
[PlyCount "104"]
[EventDate "2017.11.03"]
[EventType "swiss"]
[EventRounds "6"]
[EventCountry "ARG"]
[SourceTitle "CBM 181 Extra"]
[Source "ChessBase"]
[SourceDate "2017.12.12"]
[SourceVersion "1"]
[SourceVersionDate "2017.12.12"]
[SourceQuality "1"]

1. d4 f5 2. c4 Nf6 3. Nc3 g6 4. f3 c5 5. d5 d6 6. e4 fxe4 7. fxe4 Bg7 8. Be2 0-0 9. Nf3 e5 10. 0-0 Qe7 11. Bg5 h6 12. Bd2 g5 13. a3 Nbd7 14. b4 Ne8 15. Ne1 Rxf1+ 16. Bxf1 Ndf6 17. Be2 Bd7 18. Nc2 Bf8 19. Ne3 Qh7 20. Qc2 Be7 21. Rf1 Ng7 22. Bd3 Nfh5 23. g3 Qg6 24. Nf5 Bf8 25. Nd1 Nxf5 26. exf5 Qg7 27. Bc3 Rc8 28. Qf2 Nf6 29. bxc5 Rxc5 30. Bb4 Rc8 31. Qxa7 Be8 32. Nc3 h5 33. Qb6 Qc7 34. Qe3 Bh6 35. Ne4 Ng4 36. Qa7 Bf8 37. h3 Nh6 38. Nxg5 Qg7 39. Qe3 Be7 40. Ne6 Qf6 41. Bd2 Nf7 42. g4 hxg4 43. hxg4 Qh4 44. Rf2 e4 45. Rh2 Qf6 46. Qxe4 Qa1+ 47. Kf2 Qd1 48. Bc3 Ne5 49. Bxe5 dxe5 50. Qxe5 Qxg4 51. Kf1 Qd1+ 52. Kf2 Qd2+ 1-0

[Event "Pinamar CADA op 1st"]
[Site "Pinamar"]
[Date "2017.03.18"]
[Round "4"]
[White "Ocantos, Manuel"]
[Black "Hobaica, Juan Pablo"]
[Result "0-1"]
[WhiteElo "2213"]
[BlackElo "2388"]
[PlyCount "88"]
[EventDate "2017.03.17"]
[EventType "swiss"]
[EventRounds "6"]
[EventCountry "ARG"]
[SourceTitle "EXT 2024"]
[Source "ChessBase"]
[SourceDate "2023.10.10"]
[SourceVersion "1"]
[SourceVersionDate "2023.10.10"]
[SourceQuality "1"]

1. d4 Nf6 2. c4 c5 3. d5 e6 4. Nc3 exd5 5. cxd5 d6 6. e4 g6 7. h3 Bg7 8. Nf3 0-0 9. Bd3 b5 10. 0-0 c4 11. Bc2 b4 12. Ne2 Re8 13. Ng3 Nbd7 14. Re1 Nc5 15. Nd4 h5 16. Bg5 Qb6 17. Nf3 b3 18. axb3 cxb3 19. Bb1 Nh7 20. Bc1 a5 21. Kh1 a4 22. Nh2 Bd7 23. f4 h4 24. Ngf1 f5 25. Nd2 Nf6 26. e5 dxe5 27. Nc4 Qa6 28. Nxe5 Qd6 29. Be3 Nce4 30. Bxe4 Nxe4 31. Nhf3 g5 32. Nxd7 Qxd7 33. Nxg5 Nxg5 34. fxg5 Bxb2 35. Rb1 Bc3 36. Bd2 Rxe1+ 37. Bxe1 Bxe1 38. Qxe1 a3 39. Rd1 a2 40. Qc3 Qg7 41. Qxb3 a1Q 42. d6+ Kh8 43. Rxa1 Rxa1+ 44. Kh2 Qe5+ 0-1

[Event "ARG-ch qual Amateur U2300"]
[Site "Pinamar"]
[Date "2016.08.27"]
[Round "2"]
[White "Hobaica, Juan Pablo"]
[Black "Mazur, Mario"]
[Result "1-0"]
[WhiteElo "2380"]
[BlackElo "1980"]
[PlyCount "39"]
[EventDate "2016.08.26"]
[EventType "swiss"]
[EventRounds "6"]
[EventCountry "ARG"]
[SourceTitle "EXT 2024"]
[Source "ChessBase"]
[SourceDate "2023.10.10"]
[SourceVersion "1"]
[SourceVersionDate "2023.10.10"]
[SourceQuality "1"]

1. e4 d6 2. d4 Nf6 3. Nc3 g6 4. Bg5 Bg7 5. Qd2 c6 6. f3 Nbd7 7. 0-0-0 Qc7 8. Bh6 0-0 9. h4 e5 10. dxe5 dxe5 11. h5 b5 12. g4 Nb6 13. Bxg7 Kxg7 14. Qd6 Ne8 15. Qc5 Be6 16. hxg6 hxg6 17. Rd2 b4 18. Rh7+ Kf6 19. Qxf8 bxc3 20. Rg2 1-0

[Event "Mar del Plata Duchamp op 45th"]
[Site "Mar del Plata"]
[Date "2014.04.17"]
[Round "7"]
[White "Hobaica, Juan Pablo"]
[Black "Martinez, Ayelen"]
[Result "1-0"]
[WhiteElo "2395"]
[BlackElo "2139"]
[PlyCount "57"]
[EventDate "2014.04.12"]
[EventType "swiss"]
[EventRounds "9"]
[EventCountry "ARG"]
[SourceTitle "CBM 159 Extra"]
[Source "ChessBase"]
[SourceDate "2014.04.24"]
[SourceVersion "1"]
[SourceVersionDate "2014.04.24"]
[SourceQuality "1"]

1. d4 Nf6 2. g3 g6 3. Bg2 Bg7 4. e4 d6 5. Ne2 0-0 6. 0-0 Na6 7. c4 c5 8. Nbc3 Nd7 9. b3 cxd4 10. Nxd4 Ne5 11. h3 Nc5 12. Be3 Bd7 13. Rb1 a5 14. Qd2 Nc6 15. Nde2 Rb8 16. Rfd1 Be6 17. a3 a4 18. Bxc5 dxc5 19. Qxd8 Rfxd8 20. Nxa4 Nd4 21. Nxd4 Bxd4 22. Nb6 Bd7 23. b4 Bc6 24. b5 Be8 25. a4 Rd6 26. a5 g5 27. e5 Bxe5 28. Rxd6 Bxd6 29. a6 1-0

[Event "Mar del Plata op 43rd"]
[Site "Mar del Plata"]
[Date "2012.04.04"]
[Round "6"]
[White "Rodriguez Vila, Andres"]
[Black "Hobaica, Juan Pablo"]
[Result "1/2-1/2"]
[WhiteElo "2518"]
[BlackElo "2395"]
[PlyCount "123"]
[EventDate "2012.03.31"]
[EventType "swiss"]
[EventRounds "9"]
[EventCountry "ARG"]
[SourceTitle "CBM 147 Extra"]
[Source "ChessBase"]
[SourceDate "2012.04.24"]
[SourceVersion "1"]
[SourceVersionDate "2012.04.24"]
[SourceQuality "1"]

1. e4 c5 2. Nf3 Nc6 3. d4 cxd4 4. Nxd4 e6 5. Nc3 Qc7 6. Be3 a6 7. Qd2 Nf6 8. f3 Bb4 9. g4 h6 10. 0-0-0 Ne5 11. Kb1 Bxc3 12. Qxc3 Qxc3 13. bxc3 d5 14. exd5 Nxd5 15. Bd2 b5 16. a4 Bd7 17. axb5 axb5 18. Nxb5 Rb8 19. c4 Nxc4 20. Bxc4 Bxb5 21. Bb3 Be2 22. Rde1 Bc4 23. Ka2 Bxb3+ 24. cxb3 Kd7 25. Re4 h5 26. h4 Rbc8 27. Kb2 Rc7 28. Rc4 Rxc4 29. bxc4 Nb6 30. Kb3 hxg4 31. fxg4 f5 32. gxf5 exf5 33. Bc3 Rh7 34. Bd4 Kc6 35. h5 Nd7 36. Kb4 f4 37. Kc3 f3 38. Kd3 f2 39. Ke2 Nb6 40. c5 Nd7 41. Kxf2 Nxc5 42. Kg3 Ne6 43. Be3 Rh8 44. Kg4 Rf8 45. Rd1 Rf7 46. Bc1 Kc7 47. Rd5 Kc6 48. Rd3 Kc7 49. Bd2 Kc6 50. Bc1 Kc7 51. Rd1 Kc6 52. Ba3 Rf4+ 53. Kh3 Rd4 54. Rxd4 Nxd4 55. Kg4 Kd7 56. Kg5 Ke8 57. Kg6 Ne6 58. Bd6 Kd7 59. Be5 Ke8 60. Bd6 Kd7 61. Bb8 Ke7 62. Be5 1/2-1/2

[Event "Asuncion zt 2.5"]
[Site "Asuncion"]
[Date "2011.05.21"]
[Round "6"]
[White "Hobaica, Juan Pablo"]
[Black "Latorre Lopez Moreira, Luis Matias"]
[Result "0-1"]
[WhiteElo "2407"]
[BlackElo "2197"]
[PlyCount "52"]
[EventDate "2011.05.16"]
[EventType "swiss"]
[EventRounds "9"]
[EventCountry "PAR"]
[SourceTitle "CBM 142 Extra"]
[Source "ChessBase"]
[SourceDate "2011.06.27"]
[SourceVersion "1"]
[SourceVersionDate "2011.06.27"]
[SourceQuality "1"]

1. d4 Nf6 2. c4 g6 3. Nc3 Bg7 4. e4 d6 5. f3 0-0 6. Be3 c5 7. dxc5 dxc5 8. Qxd8 Rxd8 9. Bxc5 Nc6 10. Nd5 Nxd5 11. cxd5 Bxb2 12. Rb1 Bc3+ 13. Ke2 b6 14. Ba3 e5 15. Kd1 Nd4 16. Rc1 Ba5 17. Ne2 Nf5 18. exf5 Rxd5+ 19. Kc2 Bxf5+ 20. Kb2 Bd2 21. Nc3 Bxc1+ 22. Kxc1 Rc8 23. Bb2 b5 24. g4 b4 25. gxf5 bxc3 26. Ba1 Ra5 0-1

[Event "Asuncion zt 2.5"]
[Site "Asuncion"]
[Date "2011.05.19"]
[Round "4"]
[White "Hobaica, Juan Pablo"]
[Black "Mareco, Sandro"]
[Result "0-1"]
[WhiteElo "2407"]
[BlackElo "2591"]
[PlyCount "104"]
[EventDate "2011.05.16"]
[EventType "swiss"]
[EventRounds "9"]
[EventCountry "PAR"]
[SourceTitle "CBM 142 Extra"]
[Source "ChessBase"]
[SourceDate "2011.06.27"]
[SourceVersion "1"]
[SourceVersionDate "2011.06.27"]
[SourceQuality "1"]

1. Nf3 Nf6 2. c4 e6 3. Nc3 d5 4. d4 c6 5. e3 Nbd7 6. Qc2 Bd6 7. Bd3 0-0 8. 0-0 dxc4 9. Bxc4 b5 10. Bb3 Bb7 11. e4 e5 12. Rd1 Qb8 13. dxe5 Nxe5 14. Nh4 Neg4 15. h3 Bc5 16. hxg4 Nxg4 17. Nf3 Nxf2 18. Kf1 Nxd1 19. Nxd1 Bb6 20. e5 c5 21. Qf5 c4 22. Bc2 g6 23. Qg5 Re8 24. Bf4 Bc7 25. Qg3 Bxf3 26. Qxf3 Bxe5 27. Be4 Bxf4 28. Bxa8 Bd2 29. Bd5 Qe5 30. Qf2 Ba5 31. Bf3 Qh2 32. g4 Re1+ 33. Qxe1 Bxe1 34. Kxe1 Qg3+ 35. Ke2 Qe5+ 36. Kf2 Qd4+ 37. Kg3 Qd2 38. a3 Kg7 39. Rb1 Qe1+ 40. Kh3 a5 41. Nc3 Qf2 42. Bd1 b4 43. axb4 axb4 44. Ne2 c3 45. bxc3 bxc3 46. Ng3 c2 47. Bxc2 Qxc2 48. Rf1 Qd3 49. Kg2 f6 50. Rf2 Qd4 51. Kf3 Qd5+ 52. Ke3 Qb3+ 0-1

[Event "Asuncion zt 2.5"]
[Site "Asuncion"]
[Date "2011.05.17"]
[Round "2"]
[White "Hobaica, Juan Pablo"]
[Black "Mayorga, Nicolas"]
[Result "1-0"]
[WhiteElo "2407"]
[BlackElo "2293"]
[PlyCount "125"]
[EventDate "2011.05.16"]
[EventType "swiss"]
[EventRounds "9"]
[EventCountry "PAR"]
[SourceTitle "CBM 142 Extra"]
[Source "ChessBase"]
[SourceDate "2011.06.27"]
[SourceVersion "1"]
[SourceVersionDate "2011.06.27"]
[SourceQuality "1"]

1. Nf3 Nf6 2. c4 g6 3. Nc3 Bg7 4. d4 d5 5. Qb3 dxc4 6. Qxc4 0-0 7. e4 Bg4 8. Be3 Nfd7 9. Rd1 Nc6 10. Qb3 Nb6 11. d5 Ne5 12. Be2 Nxf3+ 13. gxf3 Bh3 14. Rg1 Qc8 15. Rg3 c6 16. f4 Bd7 17. f5 Kh8 18. fxg6 fxg6 19. Qb4 Rf7 20. h4 cxd5 21. h5 Qc6 22. hxg6 hxg6 23. exd5 Qf6 24. Bd3 Bf5 25. Bxf5 Qxf5 26. Rg5 Qc2 27. Qh4+ Kg8 28. Rd2 Qc1+ 29. Ke2 Rf6 30. Ne4 Raf8 31. Nxf6+ Rxf6 32. Qe4 Kf7 33. Rc2 Qb1 34. Bd4 Rd6 35. Bxg7 Kxg7 36. Qxe7+ Kh6 37. Rd2 Rd7 38. Qe3 Nc4 39. Rg1+ Nxe3 40. Rxb1 Nxd5 41. Rbd1 Nf4+ 42. Kf3 Rf7 43. Rd7 Rf5 44. Rxb7 Nh3+ 45. Kg2 Nf4+ 46. Kf1 Rh5 47. Ke1 Re5+ 48. Kd2 Re2+ 49. Kc3 Rxf2 50. Rxa7 g5 51. Rd6+ Kh5 52. Rh7+ Kg4 53. Rg7 Ne2+ 54. Kb4 Rf4+ 55. Kc5 Ng3 56. Rdg6 Ne4+ 57. Kc6 Rf2 58. b4 Rxa2 59. b5 Rc2+ 60. Kb7 Kf5 61. Rc6 Ra2 62. b6 Ke5 63. Kc7 1-0

[Event "Brasilia Vasconcellos Memorial 14th"]
[Site "Brasilia"]
[Date "2010.03.13"]
[Round "7"]
[White "Lima, Darcy Gustavo Macha"]
[Black "Hobaica, Juan Pablo"]
[Result "1-0"]
[WhiteElo "2486"]
[BlackElo "2405"]
[PlyCount "109"]
[EventDate "2010.03.08"]
[EventType "tourn"]
[EventRounds "9"]
[EventCountry "BRA"]
[EventCategory "2"]
[SourceTitle "CBM 135 Extra"]
[Source "ChessBase"]
[SourceDate "2010.05.04"]
[SourceVersion "1"]
[SourceVersionDate "2010.05.04"]
[SourceQuality "1"]

1. d4 Nf6 2. c4 e6 3. Nc3 d5 4. Nf3 Be7 5. Bf4 0-0 6. e3 c5 7. dxc5 Bxc5 8. cxd5 Nxd5 9. Nxd5 exd5 10. a3 Nc6 11. Bd3 Bb6 12. 0-0 Bg4 13. h3 Bh5 14. b4 a6 15. Rc1 d4 16. g4 Bg6 17. e4 Re8 18. Re1 Rc8 19. e5 Ne7 20. Bc4 Nd5 21. Bg5 Qd7 22. e6 fxe6 23. Ne5 Qd6 24. Bh4 Rf8 25. Nxg6 hxg6 26. Bg3 Qd7 27. Qe2 Kh7 28. Qe4 Qf7 29. Bd3 Rxc1 30. Rxc1 Nc3 31. Qe5 Kh8 32. Re1 Re8 33. Qg5 Qf6 34. Qxg6 Qxg6 35. Bxg6 Rd8 36. Rxe6 d3 37. Rxb6 d2 38. Bc2 Ne2+ 39. Kg2 Nxg3 40. Kxg3 d1Q 41. Bxd1 Rxd1 42. f3 Ra1 43. Rxb7 Rxa3 44. h4 Rb3 45. h5 Kg8 46. g5 a5 47. b5 a4 48. g6 Kf8 49. b6 a3 50. Rf7+ Kg8 51. Ra7 Kf8 52. b7 a2 53. Rxa2 Rxb7 54. Ra8+ Ke7 55. h6 1-0

[Event "Brasilia Vasconcellos Memorial 14th"]
[Site "Brasilia"]
[Date "2010.03.10"]
[Round "4"]
[White "Hobaica, Juan Pablo"]
[Black "Stamenkovic, Dragan"]
[Result "1/2-1/2"]
[WhiteElo "2405"]
[BlackElo "2384"]
[PlyCount "21"]
[EventDate "2010.03.08"]
[EventType "tourn"]
[EventRounds "9"]
[EventCountry "BRA"]
[EventCategory "2"]
[SourceTitle "CBM 135 Extra"]
[Source "ChessBase"]
[SourceDate "2010.05.04"]
[SourceVersion "1"]
[SourceVersionDate "2010.05.04"]
[SourceQuality "1"]

1. d4 d5 2. c4 c6 3. Nf3 Nf6 4. Nc3 e6 5. e3 Nbd7 6. Qc2 Bd6 7. Bd3 0-0 8. 0-0 h6 9. Rd1 Re8 10. h3 Qe7 11. e4 1/2-1/2

[Event "Mercosur ol 1st"]
[Site "Mar del Plata"]
[Date "2009.06.20"]
[Round "1"]
[White "Hobaica, Juan Pablo"]
[Black "Valerga, Diego"]
[Result "1/2-1/2"]
[WhiteElo "2402"]
[BlackElo "2523"]
[PlyCount "113"]
[EventDate "2009.06.20"]
[EventType "team-tourn"]
[EventRounds "7"]
[EventCountry "ARG"]
[SourceTitle "CBM 131 Extra"]
[Source "ChessBase"]
[SourceDate "2009.09.03"]
[SourceVersion "2"]
[SourceVersionDate "2009.09.16"]
[SourceQuality "1"]

1. d4 d5 2. c4 c6 3. Nc3 e6 4. e3 Nf6 5. Nf3 a6 6. Qc2 c5 7. cxd5 exd5 8. dxc5 Bxc5 9. Be2 Nc6 10. 0-0 0-0 11. Rd1 Ba7 12. Bd2 Qe7 13. Be1 Rd8 14. Rac1 Bg4 15. Nd4 Bxd4 16. exd4 Bxe2 17. Qxe2 Qxe2 18. Nxe2 Rac8 19. f3 Ne8 20. Bg3 Ne7 21. Rxc8 Rxc8 22. Rc1 Rxc1+ 23. Nxc1 f6 24. Kf1 Kf7 25. Ke2 g5 26. Kd3 h5 27. Ne2 Ke6 28. Be1 Ng6 29. g4 hxg4 30. fxg4 Nd6 31. Bg3 Ne4 32. Ke3 f5 33. gxf5+ Kxf5 34. h3 Ne7 35. Be1 Kg6 36. Ng1 Nf5+ 37. Kd3 Kh5 38. Nf3 Ne7 39. Ne5 Ng6 40. Nxg6 Kxg6 41. Ke3 Nd6 42. Kf3 Kh5 43. Ke2 Nf5 44. Bf2 g4 45. hxg4+ Kxg4 46. Kd3 Kf3 47. Be1 Ng7 48. Bh4 Ne6 49. Bf6 Nf4+ 50. Kc3 Ke4 51. Kb4 b6 52. a4 Ne6 53. Kc3 Ke3 54. Bh4 Ke4 55. Bf6 Ke3 56. Bh4 Ke4 57. Bf6 1/2-1/2

[Event "ARG-ch sf 84th"]
[Site "La Plata"]
[Date "2009.05.02"]
[Round "5"]
[White "Colantonio, Mauro"]
[Black "Hobaica, Juan Pablo"]
[Result "1/2-1/2"]
[WhiteElo "1927"]
[BlackElo "2402"]
[PlyCount "107"]
[EventDate "2009.04.30"]
[EventType "swiss"]
[EventRounds "9"]
[EventCountry "ARG"]
[SourceTitle "CBM 130 Extra"]
[Source "ChessBase"]
[SourceDate "2009.07.02"]
[SourceVersion "2"]
[SourceVersionDate "2009.07.15"]
[SourceQuality "1"]

1. d4 Nf6 2. c4 g6 3. Nc3 d5 4. Bg5 Ne4 5. Bf4 Nxc3 6. bxc3 Bg7 7. e3 0-0 8. Nf3 c5 9. cxd5 Qxd5 10. Be2 Nc6 11. 0-0 cxd4 12. cxd4 b6 13. Qa4 Bb7 14. Rac1 Na5 15. Rc2 Rfc8 16. Rfc1 Rxc2 17. Rxc2 Bc6 18. Qa3 Bf8 19. Qc1 Ba4 20. Rc8 Bd7 21. Rxa8 Qxa8 22. Ne5 Qc8 23. e4 Qxc1+ 24. Bxc1 Ba4 25. Bd3 e6 26. Kf1 f6 27. Nc4 Bb5 28. Nb2 Bxd3+ 29. Nxd3 f5 30. f3 Bg7 31. Nf4 Kf7 32. d5 exd5 33. exf5 d4 34. fxg6+ hxg6 35. Ke2 Nc6 36. Nd3 a5 37. a4 Ne7 38. Nf4 Nc8 39. Kd3 Nd6 40. Ba3 Nf5 41. Nd5 Nh4 42. Bb2 Nxg2 43. Bxd4 Ne1+ 44. Kc3 Bxd4+ 45. Kxd4 Nxf3+ 46. Ke3 Nxh2 47. Nxb6 Ng4+ 48. Kf4 Nf6 49. Nc4 Nd5+ 50. Kg5 Nc7 51. Nxa5 Ne6+ 52. Kg4 Nc5 53. Nc6 Nxa4 54. Ne5+ 1/2-1/2

[Event "ARG-ch sf 84th"]
[Site "La Plata"]
[Date "2009.05.02"]
[Round "4"]
[White "Cuberli, Emiliano"]
[Black "Hobaica, Juan Pablo"]
[Result "1-0"]
[WhiteElo "2147"]
[BlackElo "2402"]
[PlyCount "67"]
[EventDate "2009.04.30"]
[EventType "swiss"]
[EventRounds "9"]
[EventCountry "ARG"]
[SourceTitle "CBM 130 Extra"]
[Source "ChessBase"]
[SourceDate "2009.07.02"]
[SourceVersion "2"]
[SourceVersionDate "2009.07.15"]
[SourceQuality "1"]

1. e4 c5 2. Nf3 e6 3. d4 cxd4 4. Nxd4 a6 5. Bd3 g6 6. Qe2 Bg7 7. c3 Ne7 8. 0-0 Nbc6 9. Be3 d5 10. Nd2 0-0 11. Nxc6 Nxc6 12. f4 b5 13. Nb3 Re8 14. Qf2 Rb8 15. Rad1 Qc7 16. Bc5 b4 17. f5 Be5 18. Qh4 dxe4 19. fxg6 hxg6 20. Bxe4 bxc3 21. Bxc6 Rxb3 22. Bxe8 Qxc5+ 23. Kh1 Rb4 24. Qd8 f5 25. Bd7+ Qf8 26. Bxc8 Qxd8 27. Rxd8+ Kf7 28. bxc3 Bxc3 29. Bxa6 Ra4 30. Rd6 e5 31. Rb1 Kg7 32. Rbb6 Rxa2 33. Rxg6+ Kh7 34. Rh6+ 1-0

[Event "Buenos Aires Mar de Ajo"]
[Site "Buenos Aires"]
[Date "2009.03.31"]
[Round "9"]
[White "Ginzburg, Maximiliano"]
[Black "Hobaica, Juan Pablo"]
[Result "1/2-1/2"]
[WhiteElo "2455"]
[BlackElo "2402"]
[PlyCount "33"]
[EventDate "2009.03.23"]
[EventType "tourn"]
[EventRounds "9"]
[EventCountry "ARG"]
[EventCategory "8"]
[SourceTitle "CBM 129 Extra"]
[Source "ChessBase"]
[SourceDate "2009.05.05"]
[SourceVersion "2"]
[SourceVersionDate "2009.05.20"]
[SourceQuality "1"]

1. e4 c5 2. Nf3 e6 3. c3 d5 4. exd5 Qxd5 5. d4 Nf6 6. Bd3 Nc6 7. 0-0 cxd4 8. cxd4 Be7 9. Nc3 Qd8 10. a3 0-0 11. Bc2 b6 12. Qd3 Bb7 13. Bg5 g6 14. Bh6 Re8 15. Rfe1 Rc8 16. Rac1 a6 17. Bb1 1/2-1/2

[Event "Buenos Aires Mar de Ajo"]
[Site "Buenos Aires"]
[Date "2009.03.25"]
[Round "3"]
[White "Hobaica, Juan Pablo"]
[Black "Garcia Palermo, Carlos H"]
[Result "1-0"]
[WhiteElo "2402"]
[BlackElo "2484"]
[PlyCount "93"]
[EventDate "2009.03.23"]
[EventType "tourn"]
[EventRounds "9"]
[EventCountry "ARG"]
[EventCategory "8"]
[SourceTitle "CBM 129 Extra"]
[Source "ChessBase"]
[SourceDate "2009.05.05"]
[SourceVersion "2"]
[SourceVersionDate "2009.05.20"]
[SourceQuality "1"]

1. d4 d5 2. c4 e6 3. Nc3 Be7 4. Nf3 Nf6 5. Bg5 h6 6. Bh4 0-0 7. e3 b6 8. Be2 Bb7 9. Bxf6 Bxf6 10. cxd5 exd5 11. b4 c6 12. 0-0 Re8 13. Qb3 a5 14. bxa5 Rxa5 15. a4 Nd7 16. Rfe1 Be7 17. e4 dxe4 18. Bc4 Rf8 19. Rxe4 Rf5 20. Rae1 Bd6 21. Qc2 b5 22. Nh4 Rf6 23. axb5 cxb5 24. Bd5 b4 25. Bxb7 Qc7 26. R4e3 Bxh2+ 27. Kh1 Bf4 28. Re7 bxc3 29. Bd5 Bd2 30. R1e2 Qd6 31. Ba2 Rxf2 32. Rxf7 R2xf7 33. Nf5 Qf6 34. Ne7+ Kh8 35. Ng6+ Kg8 36. Ne7+ Kh8 37. Ng6+ Qxg6 38. Qxg6 Rf6 39. Qd3 Rf1+ 40. Kh2 Nf6 41. Qg6 Rf4 42. Be6 Rh4+ 43. Kg1 Rxd4 44. Bf5 Bf4 45. Re7 Rg8 46. Qxf6 Bg3 47. Qxd4 1-0

[Event "Buenos Aires Mar de Ajo"]
[Site "Buenos Aires"]
[Date "2009.03.23"]
[Round "1"]
[White "Hobaica, Juan Pablo"]
[Black "Rodriguez, Jorge Luis"]
[Result "1/2-1/2"]
[WhiteElo "2402"]
[BlackElo "2393"]
[PlyCount "77"]
[EventDate "2009.03.23"]
[EventType "tourn"]
[EventRounds "9"]
[EventCountry "ARG"]
[EventCategory "8"]
[SourceTitle "CBM 129 Extra"]
[Source "ChessBase"]
[SourceDate "2009.05.05"]
[SourceVersion "2"]
[SourceVersionDate "2009.05.20"]
[SourceQuality "1"]

1. d4 d5 2. c4 e6 3. Nc3 Nf6 4. Bg5 Nbd7 5. e3 c6 6. cxd5 exd5 7. Bd3 Be7 8. Nge2 0-0 9. 0-0 Ne4 10. Bf4 Nxc3 11. bxc3 Nf6 12. Qc2 Re8 13. f3 c5 14. Ng3 Bd6 15. Bxd6 Qxd6 16. Qf2 Be6 17. Rad1 Rad8 18. Bb1 cxd4 19. cxd4 Qb6 20. h3 Nd7 21. Nh5 g6 22. Nf4 Qd6 23. g4 Nb6 24. Bd3 Rc8 25. Ng2 f6 26. h4 Bf7 27. g5 Nc4 28. e4 Rf8 29. gxf6 Qxf6 30. e5 Qe7 31. f4 Be6 32. h5 Bf5 33. Nh4 Ne3 34. Nxf5 Nxf5 35. hxg6 hxg6 36. Bxf5 Rxf5 37. Rd3 Kg7 38. Rg3 Qe6 39. Qe2 1/2-1/2

[Event "ARG-ch sf 83rd"]
[Site "Buenos Aires"]
[Date "2008.07.26"]
[Round "6"]
[White "Hobaica, Juan Pablo"]
[Black "Needleman, Alejandro"]
[Result "1/2-1/2"]
[WhiteElo "2417"]
[BlackElo "2352"]
[PlyCount "116"]
[EventDate "2008.07.21"]
[EventType "swiss"]
[EventRounds "9"]
[EventCountry "ARG"]
[SourceTitle "CBM 125 Extra"]
[Source "ChessBase"]
[SourceDate "2008.09.01"]
[SourceVersion "1"]
[SourceVersionDate "2008.09.01"]
[SourceQuality "1"]

1. d4 Nf6 2. Nf3 c5 3. e3 g6 4. c4 Bg7 5. Nc3 0-0 6. Be2 cxd4 7. exd4 d5 8. 0-0 Nc6 9. Re1 dxc4 10. Bxc4 Na5 11. Bf1 Be6 12. b4 Nc6 13. b5 Nb4 14. a3 Nbd5 15. Na4 Bg4 16. Bd2 Rc8 17. h3 Bxf3 18. Qxf3 b6 19. Rac1 Qd7 20. Nb2 Nc7 21. Nc4 Nxb5 22. Ne5 Nxd4 23. Nxd7 Nxf3+ 24. gxf3 Nxd7 25. Rxe7 Ne5 26. Kg2 Nc6 27. Rd7 Bb2 28. Re1 Bxa3 29. Bh6 Rfd8 30. Rb7 Rb8 31. Rc7 Rdc8 32. Rd7 b5 33. Bf4 Rd8 34. Rxd8+ Rxd8 35. Bxb5 Nd4 36. Bc4 Nf5 37. Bg5 Rd4 38. Re4 Kg7 39. Bf4 f6 40. Be6 Bc5 41. Rxd4 Bxd4 42. Kf1 a5 43. Bd7 Ne7 44. Bd2 Bb6 45. Ke2 h5 46. f4 f5 47. f3 Kf7 48. Kd3 Nd5 49. Kc4 Be3 50. Kxd5 Bxd2 51. Ke5 Bc3+ 52. Kd5 Kf6 53. Kc4 Bd2 54. Kb5 g5 55. fxg5+ Kxg5 56. Kc4 Kf4 57. Kd3 Kxf3 58. Bxf5 Bf4 1/2-1/2

[Event "ARG-ch sf 83rd"]
[Site "Buenos Aires"]
[Date "2008.07.25"]
[Round "5"]
[White "De Luca, Christian"]
[Black "Hobaica, Juan Pablo"]
[Result "1/2-1/2"]
[WhiteElo "2125"]
[BlackElo "2417"]
[PlyCount "47"]
[EventDate "2008.07.21"]
[EventType "swiss"]
[EventRounds "9"]
[EventCountry "ARG"]
[SourceTitle "CBM 125 Extra"]
[Source "ChessBase"]
[SourceDate "2008.09.01"]
[SourceVersion "1"]
[SourceVersionDate "2008.09.01"]
[SourceQuality "1"]

1. Nf3 d5 2. d4 Nf6 3. Bf4 e6 4. e3 c5 5. Nbd2 Nc6 6. c3 Bd6 7. Bxd6 Qxd6 8. Bb5 0-0 9. Bxc6 bxc6 10. 0-0 cxd4 11. exd4 Nd7 12. Re1 f6 13. Re3 Rb8 14. b3 e5 15. dxe5 Nxe5 16. h3 Qc7 17. c4 Nxf3+ 18. Nxf3 dxc4 19. bxc4 c5 20. Qd5+ Qf7 21. Qxc5 Rb7 22. Qd5 Qxd5 23. cxd5 Rd7 24. Rc1 1/2-1/2

[Event "ARG-ch sf 83rd"]
[Site "Buenos Aires"]
[Date "2008.07.24"]
[Round "4"]
[White "Hobaica, Juan Pablo"]
[Black "Restuccia, Francisco"]
[Result "1-0"]
[WhiteElo "2417"]
[BlackElo "2148"]
[PlyCount "85"]
[EventDate "2008.07.21"]
[EventType "swiss"]
[EventRounds "9"]
[EventCountry "ARG"]
[SourceTitle "CBM 125 Extra"]
[Source "ChessBase"]
[SourceDate "2008.09.01"]
[SourceVersion "1"]
[SourceVersionDate "2008.09.01"]
[SourceQuality "1"]

1. c4 Nf6 2. Nc3 g6 3. e4 d6 4. d4 Bg7 5. Bd3 0-0 6. Nge2 e5 7. d5 Nbd7 8. 0-0 Nc5 9. Bc2 a5 10. a3 Bd7 11. b3 Nh5 12. Be3 Nf4 13. Qd2 Qh4 14. g3 Qh3 15. Nxf4 exf4 16. Bxf4 f5 17. Rae1 Bxc3 18. Qxc3 fxe4 19. Bxe4 Rxf4 20. Bg2 Qf5 21. gxf4 Rf8 22. Re7 Rf7 23. Rxf7 Kxf7 24. Qe3 Nd3 25. Be4 Qg4+ 26. Qg3 Nxf4 27. Qxg4 Bxg4 28. f3 Bd7 29. Kf2 Kf6 30. Ke3 Ng2+ 31. Kd4 Nf4 32. b4 a4 33. Rf2 h5 34. b5 b6 35. Bc2 Bf5 36. Bxa4 Nd3 37. Rg2 Ne5 38. f4 Nd3 39. Ke3 h4 40. Rd2 Nc5 41. Bc2 h3 42. Bxf5 Kxf5 43. Kf3 1-0

[Event "San Luis zt 2.5 playoff"]
[Site "San Luis"]
[Date "2007.03.25"]
[Round "2"]
[White "Hobaica, Juan Pablo"]
[Black "Ricardi, Pablo"]
[Result "1-0"]
[WhiteElo "2367"]
[BlackElo "2527"]
[PlyCount "51"]
[EventDate "2007.03.25"]
[EventType "tourn (rapid)"]
[EventRounds "3"]
[EventCountry "ARG"]
[EventCategory "8"]
[SourceTitle "CBM 117 Extra"]
[Source "ChessBase"]
[SourceDate "2007.05.09"]
[SourceVersion "1"]
[SourceVersionDate "2007.05.09"]
[SourceQuality "1"]

1. d4 Nf6 2. c4 e6 3. Nc3 Bb4 4. Bg5 b6 5. e3 Bb7 6. Nf3 h6 7. Bh4 0-0 8. Bd3 Bxc3+ 9. bxc3 d6 10. 0-0 Nbd7 11. Nd2 c5 12. f4 d5 13. cxd5 exd5 14. Nf3 Qc7 15. Ne5 Ne4 16. Bxe4 dxe4 17. Qg4 f5 18. Qg6 Rae8 19. g4 fxg4 20. Nxg4 Kh8 21. f5 Nb8 22. f6 Qf7 23. fxg7+ Qxg7 24. Bf6 Rxf6 25. Qxe8+ Kh7 26. Rxf6 1-0